[Event "4NCL Division 3 North"]
[Site "Bolton, ENG"]
[Date "2017.02.11"]
[Round "5.92"]
[White "Gavin, Richard A"]
[Black "Clarke, Paul Rh"]
[Result "0-1"]
[WhiteElo "1847"]
[BlackElo "1767"]
[PlyCount "98"]
[EventDate "2017.02.11"]
[WhiteTeam "3Cs 3"]
[BlackTeam "Bradford DCA Knights C"]

1. d4 d5 2. c4 e6 3. Nf3 Nf6 4. Bg5 Be7 5. e3 O-O 6. Bd3 Nbd7 7. Nbd2 c5 8. O-O
b6 9. cxd5 Nxd5 10. Bxe7 Qxe7 11. Rc1 Bb7 12. Ne4 Rfc8 13. Qe2 Nb4 14. Bb1 Ba6
15. Qd2 Bxf1 16. Rxf1 Nd5 17. Neg5 h6 18. Qd3 g6 19. Ne4 cxd4 20. exd4 Qb4 21.
Ne5 Nxe5 22. dxe5 Qxb2 23. g3 Qxe5 24. Qd2 Nc3 25. Nxc3 Qxc3 26. Qxh6 Qg7 27.
Qf4 Rc5 28. Rd1 Rac8 29. Kg2 Qe5 30. Qh6 Qh5 31. Qxh5 gxh5 32. Rd7 R5c7 33. Rd4
Rc1 34. Rb4 R8c5 35. Bd3 Rd1 36. Bb5 Rd2 37. a4 Rf5 38. Rh4 Rfxf2+ 39. Kg1 Rf5
40. g4 Rc5 41. gxh5 Rg5+ 42. Kf1 Kg7 43. h6+ Kh8 44. Be2 Re5 45. Bb5 Rc5 46.
Be2 Rf5+ 47. Ke1 Ra2 48. Bd3 Rff2 49. Be2 Raxe2+ 0-1

[Event "4NCL Division 3 North"]
[Site "Bolton, ENG"]
[Date "2017.02.11"]
[Round "5.93"]
[White "Adam, David W"]
[Black "Denisov, Seny D"]
[Result "0-1"]
[WhiteElo "1757"]
[BlackElo "1855"]
[PlyCount "124"]
[EventDate "2017.02.11"]
[WhiteTeam "Bradford DCA Knights C"]
[BlackTeam "3Cs 3"]

1. c4 Nf6 2. g3 e6 3. Bg2 d5 4. Nf3 Bd6 5. O-O O-O 6. d3 b6 7. Nc3 Bb7 8. Bd2
c5 9. Nb5 Nc6 10. Nxd6 Qxd6 11. cxd5 exd5 12. Re1 Rfe8 13. Rc1 d4 14. Bf4 Qd7
15. a3 Nd5 16. Bd2 Ne5 17. Qb3 Nxf3+ 18. Bxf3 Nf6 19. Bxb7 Qxb7 20. Rxc5 Qd7
21. Rc2 Qh3 22. Rc7 Re6 23. f3 Nh5 24. Qd5 Rf8 25. Bb4 Nf4 26. gxf4 Rg6+ 27.
Qg5 Rxg5+ 28. fxg5 Re8 29. Rec1 h6 30. Re7 Rxe7 31. Bxe7 Qe6 32. Rc7 hxg5 33.
Kf1 a6 34. Bxg5 Qb3 35. Bc1 b5 36. Kf2 Qe6 37. Bf4 f6 38. Ra7 g5 39. Bd2 Qd6
40. Kg2 Qe5 41. Kf1 Qxh2 42. Rxa6 Kf7 43. a4 Qh1+ 44. Kf2 bxa4 45. Rxa4 Qh4+
46. Kf1 f5 47. Ra7+ Ke6 48. Ra6+ Kd7 49. Ra4 Kc6 50. Ra6+ Kb7 51. Ra4 g4 52.
fxg4 fxg4 53. Rxd4 Qh3+ 54. Kg1 g3 55. Rb4+ Kc6 56. Rc4+ Kd5 57. e4+ Ke6 58.
Rc6+ Kd7 59. Rh6 Qg4 60. Bc3 Qd1+ 61. Kg2 Qe2+ 62. Kh3 Qh2+ 0-1

[Event "4NCL Division 3 North"]
[Site "Bolton, ENG"]
[Date "2017.02.11"]
[Round "5.94"]
[White "Ye, Kevin"]
[Black "Braham, Peter"]
[Result "1/2-1/2"]
[WhiteElo "1735"]
[BlackElo "1719"]
[PlyCount "88"]
[EventDate "2017.02.11"]
[WhiteTeam "3Cs 3"]
[BlackTeam "Bradford DCA Knights C"]

1. e4 d6 2. d4 Nf6 3. Bd3 e5 4. d5 c5 5. Bb5+ Nbd7 6. Nc3 a6 7. Bxd7+ Bxd7 8.
Nf3 b5 9. Bg5 b4 10. Ne2 Be7 11. Ng3 O-O 12. O-O h6 13. Bxf6 Bxf6 14. c4 bxc3
15. bxc3 Rb8 16. Qd3 Bb5 17. c4 Bd7 18. Rab1 Qa5 19. a3 Qa4 20. Nd2 Bg5 21. Nf3
Be7 22. Nf5 Bxf5 23. exf5 Bf6 24. Nd2 Qd7 25. Qf3 Bg5 26. Ne4 Qe7 27. Nxg5 hxg5
28. Rb3 f6 29. Rfb1 Qc7 30. Qe2 Rxb3 31. Rxb3 Rb8 32. Qb2 Rxb3 33. Qxb3 Kf7 34.
Qa4 Qb7 35. g4 Qb1+ 36. Kg2 Qe4+ 37. Kf1 Qh1+ 38. Ke2 Qe4+ 39. Kf1 Qh1+ 40. Ke2
Qe4+ 41. Kd2 Qd4+ 42. Kc1 Qc3+ 43. Kd1 Qd3+ 44. Ke1 Qe4+ 1/2-1/2

[Event "4NCL Division 3 North"]
[Site "Bolton, ENG"]
[Date "2017.02.11"]
[Round "5.95"]
[White "Mahoney, Nicholas"]
[Black "Denisov, Denis"]
[Result "1/2-1/2"]
[WhiteElo "1714"]
[BlackElo "1757"]
[PlyCount "45"]
[EventDate "2017.02.11"]
[WhiteTeam "Bradford DCA Knights C"]
[BlackTeam "3Cs 3"]

1. d4 Nf6 2. c4 e6 3. Nf3 Bb4+ 4. Bd2 Qe7 5. g3 Ne4 6. a3 Bxd2+ 7. Nfxd2 Nxd2
8. Qxd2 d5 9. Bg2 c6 10. O-O O-O 11. Qc3 f5 12. e3 Nd7 13. Nd2 Nf6 14. f3 Re8
15. Rae1 e5 16. dxe5 Qxe5 17. Qxe5 Rxe5 18. e4 fxe4 19. fxe4 dxe4 20. Nxe4 Nxe4
21. Bxe4 Re6 22. Rd1 Re8 23. Rde1 1/2-1/2